Memorias interrumpidas

Uloženo v:
Podrobná bibliografie
Hlavní autor: Mitterrand, François (autor)
Médium: Kniha
Jazyk:španělština
Vydáno: Barcelona Andrés Bello 1996
Témata:
Tagy: Přidat tag
Žádné tagy, Buďte první, kdo vytvoří štítek k tomuto záznamu!

MARC

LEADER 00000nam a2200000 a 4500
001 UCU7396
003 CL-VaPUC
008 960705e19960000SP |||||||||||||||||spa|d
082 0 4 |a 923.1  |b MIT  |2 21 
100 |a Mitterrand, François   |e autor  |9 343216 
245 1 0 |a Memorias interrumpidas 
300 |a 380 p 
942 |c BK 
945 |d 19960705 00:00:00  |a rbrito 
260 |a Barcelona  |b Andrés Bello  |c 1996 
650 0 |a Biografías  |9 255210 
650 0 |a Historia siglo 20  |9 255736 
651 0 |a Francia  |9 255157 
651 0 |a Alemania  |9 255688 
583 |a last modification  |c 20160901 03:59:05  |k Rodrigo Vera 
999 |c 250051  |d 250049 
952 |0 0  |1 0  |4 0  |6 923_100000000000000_MIT_1996  |7 0  |8 A  |9 267789  |a BIBHIS  |b BIBHIS  |d 2019-11-19  |i 3210642  |o 923.1 MIT 1996  |p 3210642  |r 2025-01-20  |w 2019-11-19  |y BK  |k HIS